Energy Management-Collective and Computational Intelligence with Theory and Applications

This book presents a selection of recently developed collective and computational intelligence techniques, which it subsequently applies to energy management problems ranging from performance analysis to economic analysis, and from strategic analysis to operational analysis, with didactic numerical...

Full description

Bibliographic Details
Corporate Author: SpringerLink (Online service)
Other Authors: Kahraman, Cengiz (Editor, http://id.loc.gov/vocabulary/relators/edt), Kayakutlu, Gülgün (Editor, http://id.loc.gov/vocabulary/relators/edt)
Format: Electronic eBook
Language:English
Published: Cham : Springer International Publishing : Imprint: Springer, 2018.
Edition:1st ed. 2018.
Series:Studies in Systems, Decision and Control, 149
Subjects:
Online Access:Full Text via HEAL-Link
LEADER 02984nam a2200505 4500
001 978-3-319-75690-5
003 DE-He213
005 20191029051619.0
007 cr nn 008mamaa
008 180321s2018 gw | s |||| 0|eng d
020 |a 9783319756905  |9 978-3-319-75690-5 
024 7 |a 10.1007/978-3-319-75690-5  |2 doi 
040 |d GrThAP 
050 4 |a Q342 
072 7 |a UYQ  |2 bicssc 
072 7 |a TEC009000  |2 bisacsh 
072 7 |a UYQ  |2 thema 
082 0 4 |a 006.3  |2 23 
245 1 0 |a Energy Management-Collective and Computational Intelligence with Theory and Applications  |h [electronic resource] /  |c edited by Cengiz Kahraman, Gülgün Kayakutlu. 
250 |a 1st ed. 2018. 
264 1 |a Cham :  |b Springer International Publishing :  |b Imprint: Springer,  |c 2018. 
300 |a XV, 554 p. 121 illus., 69 illus. in color.  |b online resource. 
336 |a text  |b txt  |2 rdacontent 
337 |a computer  |b c  |2 rdamedia 
338 |a online resource  |b cr  |2 rdacarrier 
347 |a text file  |b PDF  |2 rda 
490 1 |a Studies in Systems, Decision and Control,  |x 2198-4182 ;  |v 149 
520 |a This book presents a selection of recently developed collective and computational intelligence techniques, which it subsequently applies to energy management problems ranging from performance analysis to economic analysis, and from strategic analysis to operational analysis, with didactic numerical examples. As a form of intelligence emerging from the collaboration and competition of individuals, collective and computational intelligence addresses new methodological, theoretical, and practical aspects of complex energy management problems. The book offers an excellent reference guide for practitioners, researchers, lecturers and postgraduate students pursuing research on intelligence in energy management. The contributing authors are recognized researchers in the energy research field. 
650 0 |a Computational intelligence. 
650 0 |a Energy policy. 
650 0 |a Energy and state. 
650 1 4 |a Computational Intelligence.  |0 http://scigraph.springernature.com/things/product-market-codes/T11014 
650 2 4 |a Energy Policy, Economics and Management.  |0 http://scigraph.springernature.com/things/product-market-codes/112000 
650 2 4 |a Energy Policy, Economics and Management.  |0 http://scigraph.springernature.com/things/product-market-codes/112000 
700 1 |a Kahraman, Cengiz.  |e editor.  |4 edt  |4 http://id.loc.gov/vocabulary/relators/edt 
700 1 |a Kayakutlu, Gülgün.  |e editor.  |4 edt  |4 http://id.loc.gov/vocabulary/relators/edt 
710 2 |a SpringerLink (Online service) 
773 0 |t Springer eBooks 
776 0 8 |i Printed edition:  |z 9783319756899 
776 0 8 |i Printed edition:  |z 9783319756912 
776 0 8 |i Printed edition:  |z 9783030092993 
830 0 |a Studies in Systems, Decision and Control,  |x 2198-4182 ;  |v 149 
856 4 0 |u https://doi.org/10.1007/978-3-319-75690-5  |z Full Text via HEAL-Link 
912 |a ZDB-2-ENG 
950 |a Engineering (Springer-11647)